Circular saw manual (Record no. 10420)

MARC details
000 -LEADER
fixed length control field 00478nam a2200181 4500
005 - DATE AND TIME OF LATEST TRANSACTION
control field 20150618143153.0
008 - FIXED-LENGTH DATA ELEMENTS--GENERAL INFORMATION
fixed length control field 000
020 ## - INTERNATIONAL STANDARD BOOK NUMBER
International Standard Book Number 925101311X
040 ## - CATALOGING SOURCE
Original cataloging agency UOEL
050 ## - LIBRARY OF CONGRESS CALL NUMBER
Classification number TS850
Item number F6
245 ## - TITLE STATEMENT
Title Circular saw manual
Statement of responsibility, etc Food and Agriculture Organization
260 ## - PUBLICATION, DISTRIBUTION, ETC. (IMPRINT)
Place of publication, distribution, etc Rome
Name of publisher, distributor, etc FAO
Date of publication, distribution, etc 1983
300 ## - PHYSICAL DESCRIPTION
Extent 72 p.
Other physical details ill.
440 ## - SERIES STATEMENT/ADDED ENTRY--TITLE
Title Fao Forestry Paper
Number of part/section of a work 40
650 ## - SUBJECT ADDED ENTRY--TOPICAL TERM
General subdivision Chemical technology
710 ## - ADDED ENTRY--CORPORATE NAME
Corporate name or jurisdiction name as entry element Food and Agriculture Organization of the United Nations
942 ## - ADDED ENTRY ELEMENTS (KOHA)
Source of classification or shelving scheme Library of Congress Classification
Item type Loan - Normal on open shelf
Holdings
Withdrawn status Lost status Source of classification or shelving scheme Damaged status Not for loan Home library Current library Shelving location Date acquired Total Checkouts Full call number Barcode Date last seen Copy number Price effective from Koha item type
    Library of Congress Classification     UOE Main Library UOE Main Library Open shelf 18/06/2015   TS850 F6 20141429 18/06/2015 20141429 18/06/2015 Loan - Normal on open shelf
    Library of Congress Classification     UOE Main Library UOE Main Library Open shelf 18/06/2015   TS850 F6 20144558 18/06/2015 20144558 18/06/2015 Loan - Normal on open shelf